LIBRARY & INFORMATION CENTRE, KCAET, TAVANUR

ONLINE PUBLIC ACCESS CATALOGUE (OPAC)

Land of seats / (Record no. 5150)

MARC details
000 -LEADER
fixed length control field 00434cam a2200169ua 4500
041 ## - LANGUAGE CODE
Language code of text/sound track or separate title eng
082 ## - DEWEY DECIMAL CLASSIFICATION NUMBER
Classification number 823.308
Item number SCO/LA
100 ## - MAIN ENTRY--AUTHOR NAME
Personal name Scott, J M .
245 ## - TITLE STATEMENT
Title Land of seats /
260 ## - PUBLICATION, DISTRIBUTION, ETC. (IMPRINT)
Place of publication London :
Name of publisher University of London Press Ltd ,
Year of publication 1961.
300 ## - PHYSICAL DESCRIPTION
Number of Pages 192 ; .
490 0# - SERIES STATEMENT
Series statement The Pilot Books,
Volume number/sequential designation
942 ## - ADDED ENTRY ELEMENTS (KOHA)
Koha item type Books
Holdings
Withdrawn status Lost status Damaged status Home library Current library Date acquired Full call number Accession Number Koha item type
Withdrawn     KAUAET Sanskrit University 07/04/2012 823.308 10103 Books
free website counter